| 000 | 00769nam a2200253Ia 4500 | ||
|---|---|---|---|
| 001 | 22070 | ||
| 005 | 20260320113339.0 | ||
| 008 | 260320s9999||||xx |||||||||||||| ||und|| | ||
| 020 | _a9780300258516 | ||
| 041 | _aING | ||
| 082 |
_a510 _bS78 |
||
| 100 |
_aSu, Francis Edward, _eAUT |
||
| 245 | 0 |
_aMathematics for human flourishing _b |
|
| 246 |
_a _5 _b |
||
| 260 |
_aNew Haven : _bYale University Press, _c2020 |
||
| 300 |
_a274 páginas : _bilustraciones ; _c21 cm. _e |
||
| 440 |
_a _n _v |
||
| 650 | _aMAT | ||
| 653 | _aMatemáticas - Filosofía | ||
| 654 | _aCHU | ||
| 700 |
_a _c |
||
| 856 |
_uhttps://0u20fpnar-y-https-research-ebsco-com.itmsp.museknowledge.com/c/qxo6us/ebook-viewer/pdf/ehifmghymb/page/pp_i _zVersión digital |
||
| 942 |
_cLIB _dJUS _fMAT _2ddc _n |
||
| 999 |
_c22070 _d22070 |
||